Word processing and information systems

Bibliographic Details
Main Author: Popyk, Marilyn K.
Format: Book
Published: New York : Gregg Division : McGraw-Hill , 1983
Subjects:

MARC

LEADER 00000cam a2200000 7i4500
001 0000003015
005 20021119.0
020 |a 0070505748 
040 |a INS 
090 0 0 |a HF5548.115   |b P66 1983 
100 1 |a Popyk, Marilyn K. 
245 1 0 |a Word processing and information systems   |c Marilyn K. Popyk 
260 |a New York :   |b Gregg Division :   |b McGraw-Hill ,   |c 1983 
300 |a xiv, 336p. ;   |c 23 cm. 
500 |a Includes index 
650 0 0 |a Information storage and retrieved system 
650 0 0 |a Office practice   |x Automatic 
650 0 0 |a Word processing (Office practice) 
999 |a 0000004174   |b BOOK   |c Open Shelf   |e Default branch 
999 |a 0000023867   |b BOOK   |c Open Shelf   |e Default branch